000 00399nam a22001457a 4500
020 _a13980670648265
082 _222
_a620.1054
100 _aBeer, Ferdinand P. and Johnston E. Russell.
245 _aVictor mechnics engineers dynamics /
250 _aNA
260 _aNew Delhi,
_bTata McGrew Hill,
_cc2008.
300 _axx,1355 p. ;
_bill. ;
_c24 cm.
942 _2ddc
_cMEC
_04
999 _c1091
_d1091
999 _c1205
_d1205